000
00352nam a2200157Ia 4500
100
_a
Bhattacharya/D.K
650
_a
ELECTRONICS
942
_c
BK
366
_f
20
245
_a
Solid state electronic devices
260
_b
Oxford university press
_c
2007
082
_a
621.381
_b
BHA
300
_a
537
546
_a
ENGLISH
_c
PAMPHALETS
999
_c
28371
_d
28371